[Event "DEM U10 2025"]
[Site "Willingen GER"]
[Date "2025.06.08"]
[Round "2"]
[White "Blem, Alexander jun."]
[Black "Taube, Moritz"]
[Result "1-0"]
[Termination "normal"]
[Board "26"]
[WhiteElo "1417"]
[BlackElo "1246"]
[WhiteClock "01:33:42"]
[BlackClock "00:46:52"]
[PlyCount "81"]
[WhiteFideId "34674926"]
[BlackFideId "34696830"]
[EventCountry "GER"]
[EventRounds "9"]
[EventType "swiss"]
[EventDate "2025.06.07"]

1. e4 {[%clk 01:30:58]} e5 {[%clk 01:30:53]} {[%emt 00:00:07]} 2. Nf3 {[%clk
01:31:25]} {[%emt 00:00:04]} Nc6 {[%clk 01:31:17]} {[%emt 00:00:06]} 3. Bb5
{[%clk 01:31:52]} {[%emt 00:00:04]} Nge7 {[%clk 01:29:49]} {[%emt 00:01:57]} 4.
O-O {[%clk 01:31:49]} {[%emt 00:00:34]} d6 {[%clk 01:29:48]} {[%emt 00:00:31]}
5. d4 {[%clk 01:32:11]} {[%emt 00:00:08]} a6 {[%clk 01:29:49]} {[%emt
00:00:29]} 6. Ba4 {[%clk 01:32:35]} {[%emt 00:00:06]} b5 {[%clk 01:30:15]}
{[%emt 00:00:05]} 7. Bb3 {[%clk 01:33:01]} {[%emt 00:00:04]} Bg4 {[%clk
01:30:29]} {[%emt 00:00:15]} 8. c3 {[%clk 01:33:06]} {[%emt 00:00:27]} g6
{[%clk 01:22:31]} {[%emt 00:08:27]} 9. Bxf7+ {[%clk 01:32:37]} {[%emt
00:00:59]} Kd7 {[%clk 01:15:10]} {[%emt 00:07:51]} 10. d5 {[%clk 01:32:12]}
{[%emt 00:00:56]} Kc8 {[%clk 01:12:36]} {[%emt 00:03:03]} 11. dxc6 {[%clk
01:32:29]} {[%emt 00:00:13]} Nxc6 {[%clk 01:12:55]} {[%emt 00:00:10]} 12. h3
{[%clk 01:31:29]} {[%emt 00:01:32]} Qf6 {[%clk 01:12:54]} {[%emt 00:00:29]} 13.
Bd5 {[%clk 01:31:19]} {[%emt 00:00:42]} Bd7 {[%clk 01:11:19]} {[%emt 00:02:05]}
14. Bg5 {[%clk 01:31:19]} {[%emt 00:00:30]} Qg7 {[%clk 01:11:32]} {[%emt
00:00:15]} 15. a4 {[%clk 01:30:27]} {[%emt 00:01:23]} Rb8 {[%clk 01:11:21]}
{[%emt 00:00:39]} 16. axb5 {[%clk 01:30:46]} {[%emt 00:00:13]} axb5 {[%clk
01:11:04]} {[%emt 00:00:47]} 17. Ra6 {[%clk 01:30:53]} {[%emt 00:00:23]} h6
{[%clk 01:11:00]} {[%emt 00:00:33]} 18. Bxc6 {[%clk 01:30:59]} {[%emt
00:00:25]} Bxc6 {[%clk 01:11:10]} {[%emt 00:00:20]} 19. Rxc6 {[%clk 01:31:28]}
{[%emt 00:00:02]} hxg5 {[%emt 00:01:00]} 20. Ra6 {[%clk 01:31:11]} g4 {[%clk
01:10:50]} {[%emt 00:01:05]} 21. Nh2 {[%clk 01:30:35]} {[%emt 00:01:06]} gxh3
{[%clk 01:06:00]} {[%emt 00:05:20]} 22. gxh3 {[%clk 01:30:44]} {[%emt
00:00:21]} Kb7 {[%clk 01:03:13]} {[%emt 00:03:16]} 23. Ra3 {[%clk 01:30:45]}
{[%emt 00:00:29]} Qd7 {[%clk 01:00:31]} {[%emt 00:03:12]} 24. Qg4 {[%clk
01:30:45]} {[%emt 00:00:30]} Qe7 {[%clk 00:58:43]} {[%emt 00:02:18]} 25. Nd2
{[%clk 01:30:55]} {[%emt 00:00:21]} Rh4 {[%clk 00:57:46]} {[%emt 00:01:25]} 26.
Qg3 {[%clk 01:31:06]} {[%emt 00:00:21]} Qh7 {[%clk 00:57:33]} {[%emt 00:00:42]}
27. Kg2 {[%emt 00:00:07]} Be7 {[%clk 00:56:29]} {[%emt 00:01:31]} 28. c4 {[%clk
01:31:36]} {[%emt 00:00:27]} Rh8 {[%clk 00:56:39]} {[%emt 00:00:20]} 29. cxb5
{[%clk 01:31:37]} {[%emt 00:00:30]} Rxh3 {[%clk 00:56:42]} {[%emt 00:00:26]}
30. Qxh3 {[%clk 01:32:00]} {[%emt 00:00:07]} Qg7 {[%clk 00:56:02]} {[%emt
00:01:08]} 31. Qc3 {[%clk 01:32:21]} {[%emt 00:00:09]} Rxh2+ {[%clk 00:54:47]}
{[%emt 00:01:47]} 32. Kxh2 {[%clk 01:32:45]} {[%emt 00:00:06]} Qh6+ {[%clk
00:55:04]} {[%emt 00:00:11]} 33. Kg2 {[%clk 01:33:03]} {[%emt 00:00:13]} Qg5+
{[%clk 00:55:00]} {[%emt 00:00:34]} 34. Qg3 {[%clk 01:33:19]} {[%emt 00:00:15]}
Qxd2 {[%clk 00:54:51]} {[%emt 00:00:39]} 35. Qe3 {[%clk 01:32:52]} {[%emt
00:00:57]} Qxb2 {[%clk 00:52:42]} {[%emt 00:02:38]} 36. Rc1 {[%clk 01:32:30]}
{[%emt 00:00:52]} Bd8 {[%clk 00:50:59]} {[%emt 00:02:13]} 37. Rca1 {[%clk
01:32:12]} {[%emt 00:00:49]} Be7 {[%clk 00:48:56]} {[%emt 00:02:32]} 38. Ra7+
{[%clk 01:32:22]} {[%emt 00:00:21]} Kc8 {[%clk 00:48:29]} {[%emt 00:00:54]} 39.
Qh3+ {[%clk 01:32:51]} {[%emt 00:00:03]} Kb8 {[%clk 00:46:49]} {[%emt
00:02:11]} 40. Qh8+ {[%clk 01:33:16]} {[%emt 00:00:05]} Bd8 {[%clk 00:46:52]}
{[%emt 00:00:26]} 41. Qxd8# {[%clk 01:33:42]} {[%emt 00:00:04]} 1-0

[Event "DEM U10 2025"]
[Site "Willingen GER"]
[Date "2025.06.08"]
[Round "2"]
[White "Winkens, Jonathan"]
[Black "Möller, Julian"]
[Result "1-0"]
[Termination "normal"]
[Board "27"]
[WhiteElo "1406"]
[BlackElo "1161"]
[WhiteClock "01:43:06"]
[BlackClock "01:08:04"]
[PlyCount "139"]
[WhiteFideId "533019703"]
[BlackFideId "533022577"]
[EventCountry "GER"]
[EventRounds "9"]
[EventType "swiss"]
[EventDate "2025.06.07"]

1. e4 {[%emt 00:02:47]} e5 {[%clk 01:30:51]} {[%emt 00:00:08]} 2. Nf3 {[%clk
01:30:48]} {[%emt 00:00:43]} Nc6 {[%clk 01:30:58]} {[%emt 00:00:22]} 3. Nc3
{[%clk 01:31:12]} {[%emt 00:00:06]} Bb4 {[%clk 01:30:22]} {[%emt 00:01:05]} 4.
Bb5 {[%clk 01:31:34]} {[%emt 00:00:08]} Nge7 {[%clk 01:29:07]} {[%emt
00:01:46]} 5. d3 {[%clk 01:31:38]} {[%emt 00:00:25]} d6 {[%clk 01:28:51]}
{[%emt 00:00:46]} 6. Bd2 {[%clk 01:31:58]} {[%emt 00:00:11]} O-O {[%clk
01:28:29]} {[%emt 00:00:52]} 7. Bc4 {[%emt 00:00:42]} Bg4 {[%clk 01:26:52]}
{[%emt 00:02:04]} 8. h3 {[%clk 01:32:12]} {[%emt 00:00:07]} Bd7 {[%clk
01:26:16]} {[%emt 00:01:07]} 9. Nd5 {[%clk 01:32:21]} {[%emt 00:00:21]} Bxd2+
{[%clk 01:25:53]} {[%emt 00:00:53]} 10. Qxd2 {[%clk 01:32:44]} {[%emt
00:00:07]} Nxd5 {[%clk 01:25:55]} {[%emt 00:00:28]} 11. Bxd5 {[%clk 01:33:07]}
{[%emt 00:00:06]} Qe7 {[%clk 01:24:21]} {[%emt 00:02:04]} 12. O-O-O {[%clk
01:32:38]} {[%emt 00:01:00]} Be6 {[%clk 01:23:12]} {[%emt 00:01:38]} 13. Bxe6
{[%clk 01:32:49]} {[%emt 00:00:20]} Qxe6 {[%clk 01:23:03]} {[%emt 00:00:39]}
14. Kb1 {[%clk 01:32:58]} {[%emt 00:00:21]} a5 {[%clk 01:22:53]} {[%emt
00:00:40]} 15. Rhe1 {[%clk 01:33:06]} {[%emt 00:00:22]} Nb4 {[%clk 01:22:16]}
{[%emt 00:01:07]} 16. b3 {[%clk 01:32:15]} {[%emt 00:01:21]} c5 {[%clk
01:21:37]} {[%emt 00:01:09]} 17. c3 {[%clk 01:31:26]} {[%emt 00:01:18]} Nc6
{[%clk 01:21:09]} {[%emt 00:00:58]} 18. d4 {[%clk 01:31:49]} {[%emt 00:00:06]}
exd4 {[%clk 01:19:51]} {[%emt 00:01:49]} 19. cxd4 {[%clk 01:32:12]} {[%emt
00:00:07]} cxd4 {[%clk 01:18:44]} {[%emt 00:01:37]} 20. Nxd4 {[%clk 01:32:34]}
{[%emt 00:00:08]} Nxd4 {[%clk 01:18:29]} {[%emt 00:00:45]} 21. Qxd4 {[%clk
01:32:58]} {[%emt 00:00:06]} Rfd8 {[%clk 01:17:26]} {[%emt 00:01:31]} 22. Qd5
{[%clk 01:29:49]} {[%emt 00:03:41]} Qxd5 {[%clk 01:16:56]} {[%emt 00:01:00]}
23. Rxd5 {[%clk 01:29:50]} {[%emt 00:00:29]} f6 {[%clk 01:16:37]} {[%emt
00:00:49]} 24. Red1 {[%clk 01:30:12]} {[%emt 00:00:07]} Ra6 {[%clk 01:16:35]}
{[%emt 00:00:33]} 25. Kc2 {[%clk 01:30:35]} {[%emt 00:00:07]} Kf7 {[%clk
01:16:01]} {[%emt 00:01:03]} 26. f4 {[%clk 01:30:54]} {[%emt 00:00:11]} g6
{[%clk 01:15:57]} {[%emt 00:00:34]} 27. e5 {[%clk 01:31:17]} {[%emt 00:00:08]}
fxe5 {[%clk 01:15:51]} {[%emt 00:00:36]} 28. fxe5 {[%clk 01:31:43]} {[%emt
00:00:05]} Rc8+ {[%emt 00:02:27]} 29. Kb2 {[%clk 01:31:50]} {[%emt 00:00:08]}
dxe5 {[%clk 01:13:13]} {[%emt 00:01:25]} 30. Rxe5 {[%clk 01:30:57]} {[%emt
00:01:23]} Kf6 {[%clk 01:12:12]} {[%emt 00:01:30]} 31. Rb5 {[%clk 01:31:16]}
{[%emt 00:00:11]} Rc7 {[%clk 01:11:57]} {[%emt 00:00:45]} 32. Ka3 {[%clk
01:31:18]} {[%emt 00:00:28]} Ke6 {[%clk 01:10:43]} {[%emt 00:01:43]} 33. Rd2
{[%clk 01:31:41]} {[%emt 00:00:08]} b6 {[%clk 01:09:59]} {[%emt 00:01:14]} 34.
Kb2 {[%clk 01:31:26]} {[%emt 00:00:46]} Rc6 {[%clk 01:09:12]} {[%emt 00:01:09]}
35. a4 {[%clk 01:31:48]} {[%emt 00:00:15]} Rd6 {[%clk 01:08:17]} {[%emt
00:01:25]} 36. Rxd6+ {[%clk 01:32:04]} {[%emt 00:00:15]} Kxd6 {[%clk 01:08:24]}
{[%emt 00:00:23]} 37. Ka3 {[%clk 01:32:18]} {[%emt 00:00:16]} Kc6 {[%clk
01:08:22]} {[%emt 00:00:29]} 38. b4 {[%clk 01:32:36]} {[%emt 00:00:15]} axb4+
{[%clk 01:07:47]} {[%emt 00:01:05]} 39. Kxb4 {[%clk 01:32:57]} {[%emt
00:00:09]} Kd6 {[%clk 01:06:59]} {[%emt 00:01:18]} 40. h4 {[%clk 01:33:05]}
{[%emt 00:00:22]} h6 {[%clk 01:06:56]} {[%emt 00:00:32]} 41. g4 {[%clk
01:33:27]} {[%emt 00:00:08]} Kc6 {[%clk 01:06:48]} {[%emt 00:00:38]} 42. h5
{[%clk 01:33:43]} {[%emt 00:00:14]} g5 {[%clk 01:07:05]} {[%emt 00:00:13]} 43.
Rf5 {[%clk 01:34:07]} {[%emt 00:00:06]} Ra7 {[%clk 01:05:35]} {[%emt 00:01:58]}
44. Rf6+ {[%clk 01:34:30]} {[%emt 00:00:10]} Kd5 {[%clk 01:05:36]} {[%emt
00:00:29]} 45. Rxh6 {[%clk 01:34:46]} {[%emt 00:00:13]} Ke5 {[%clk 01:05:13]}
{[%emt 00:00:53]} 46. Rg6 {[%clk 01:35:04]} {[%emt 00:00:12]} Kf4 {[%clk
01:05:26]} {[%emt 00:00:15]} 47. h6 {[%clk 01:35:28]} {[%emt 00:00:09]} Kxg4
{[%clk 01:05:26]} {[%emt 00:00:31]} 48. Rg7 {[%clk 01:35:51]} {[%emt 00:00:07]}
Ra8 {[%clk 01:05:26]} {[%emt 00:00:30]} 49. h7 {[%clk 01:36:14]} {[%emt
00:00:06]} Rh8 {[%clk 01:05:43]} {[%emt 00:00:13]} 50. Kb5 {[%clk 01:36:36]}
{[%emt 00:00:08]} Kf4 {[%clk 01:05:34]} {[%emt 00:00:38]} 51. Kxb6 {[%clk
01:36:53]} {[%emt 00:00:14]} g4 {[%clk 01:05:46]} {[%emt 00:00:17]} 52. a5
{[%clk 01:37:19]} {[%emt 00:00:05]} g3 {[%clk 01:05:46]} {[%emt 00:00:30]} 53.
a6 {[%clk 01:37:45]} {[%emt 00:00:04]} Kf3 {[%clk 01:05:59]} {[%emt 00:00:17]}
54. Kb7 {[%clk 01:38:09]} {[%emt 00:00:05]} Kf2 {[%clk 01:05:47]} {[%emt
00:00:42]} 55. a7 {[%clk 01:38:34]} {[%emt 00:00:05]} g2 {[%clk 01:06:14]}
{[%emt 00:00:03]} 56. a8=Q {[%clk 01:38:57]} {[%emt 00:00:08]} Rxa8 {[%clk
01:06:16]} {[%emt 00:00:28]} 57. Kxa8 {[%clk 01:39:16]} {[%emt 00:00:12]} g1=Q
{[%emt 00:00:10]} 58. Rxg1 {[%emt 00:00:06]} Kxg1 {[%emt 00:00:31]} 59. h8=Q
Kf2 {[%clk 01:06:10]} {[%emt 00:00:24]} 60. Qc3 {[%clk 01:39:50]} {[%emt
00:00:19]} Ke2 {[%clk 01:06:30]} {[%emt 00:00:11]} 61. Kb7 {[%clk 01:39:49]}
{[%emt 00:02:17]} Kf2 {[%clk 01:06:29]} {[%emt 00:00:30]} 62. Qd3 {[%clk
01:40:13]} {[%emt 00:00:06]} Kg2 {[%clk 01:06:48]} {[%emt 00:00:10]} 63. Qe3
{[%clk 01:40:39]} {[%emt 00:00:05]} Kh2 {[%clk 01:07:00]} {[%emt 00:00:18]} 64.
Qf3 {[%clk 01:41:04]} {[%emt 00:00:05]} Kg1 {[%clk 01:06:23]} {[%emt 00:01:07]}
65. Qe2 {[%clk 01:41:33]} {[%emt 00:00:02]} Kh1 {[%clk 01:06:40]} {[%emt
00:00:12]} 66. Kc6 {[%clk 01:42:01]} {[%emt 00:00:02]} Kg1 {[%clk 01:07:01]}
{[%emt 00:00:09]} 67. Kd5 {[%clk 01:42:26]} {[%emt 00:00:05]} Kh1 {[%clk
01:07:21]} {[%emt 00:00:10]} 68. Ke4 {[%clk 01:42:53]} {[%emt 00:00:03]} Kg1
{[%clk 01:07:39]} {[%emt 00:00:11]} 69. Kf3 {[%clk 01:43:18]} {[%emt 00:00:05]}
Kh1 {[%clk 01:08:04]} {[%emt 00:00:05]} 70. Qg2# {[%clk 01:43:06]} {[%emt
00:00:08]} 1-0

[Event "DEM U10 2025"]
[Site "Willingen GER"]
[Date "2025.06.08"]
[Round "2"]
[White "Zentgraf, Raphael"]
[Black "Liu, Peilin"]
[Result "0-1"]
[Termination "normal"]
[Board "28"]
[WhiteElo "1660"]
[BlackElo "1530"]
[WhiteClock "00:56:58"]
[BlackClock "00:52:43"]
[PlyCount "92"]
[WhiteFideId "34684166"]
[BlackFideId "8643792"]
[EventCountry "GER"]
[EventRounds "9"]
[EventType "swiss"]
[EventDate "2025.06.07"]

1. d4 {[%clk 01:30:01]} {[%emt 00:00:57]} d5 {[%clk 01:30:33]} {[%emt
00:00:27]} 2. Nf3 {[%clk 01:29:39]} {[%emt 00:00:52]} Nf6 {[%clk 01:28:38]}
{[%emt 00:02:25]} 3. c3 {[%clk 01:27:23]} {[%emt 00:02:17]} c6 {[%clk
01:27:36]} {[%emt 00:01:51]} 4. Bf4 {[%clk 01:25:56]} {[%emt 00:02:08]} Bf5
{[%clk 01:24:31]} {[%emt 00:03:36]} 5. Qb3 {[%clk 01:23:34]} {[%emt 00:02:52]}
Qb6 {[%clk 01:24:17]} {[%emt 00:00:44]} 6. Qxb6 {[%clk 01:17:56]} {[%emt
00:06:08]} axb6 {[%clk 01:24:20]} {[%emt 00:00:27]} 7. e3 {[%clk 01:17:00]}
{[%emt 00:01:25]} Nbd7 {[%clk 01:24:13]} {[%emt 00:00:37]} 8. Nbd2 {[%clk
01:14:56]} {[%emt 00:02:34]} b5 {[%clk 01:22:38]} {[%emt 00:02:05]} 9. b3
{[%clk 01:13:19]} {[%emt 00:02:08]} e6 {[%clk 01:20:52]} {[%emt 00:02:16]} 10.
Be2 {[%clk 01:12:48]} {[%emt 00:00:55]} Ba3 {[%clk 01:19:23]} {[%emt 00:02:05]}
11. O-O {[%clk 01:11:05]} {[%emt 00:02:14]} Bb2 {[%clk 01:17:49]} {[%emt
00:02:04]} 12. Bd6 {[%clk 01:08:45]} {[%emt 00:02:50]} Bxa1 {[%clk 01:15:03]}
{[%emt 00:03:16]} 13. Rxa1 {[%clk 01:09:05]} {[%emt 00:00:10]} Rd8 {[%clk
01:06:32]} {[%emt 00:08:53]} 14. c4 {[%clk 01:08:16]} {[%emt 00:01:28]} bxc4
{[%clk 01:05:08]} {[%emt 00:01:53]} 15. bxc4 {[%emt 00:00:10]} Ne4 {[%emt
00:01:04]} 16. Nxe4 {[%clk 01:06:58]} {[%emt 00:00:34]} Bxe4 {[%clk 01:02:28]}
{[%emt 00:03:09]} 17. cxd5 {[%clk 01:05:46]} {[%emt 00:01:43]} exd5 {[%clk
01:01:32]} {[%emt 00:01:27]} 18. a4 {[%clk 01:05:04]} {[%emt 00:01:12]} Nf6
{[%clk 00:58:36]} {[%emt 00:03:26]} 19. Bc5 {[%clk 01:04:50]} {[%emt 00:00:44]}
Bxf3 {[%clk 00:51:22]} {[%emt 00:07:43]} 20. Bxf3 {[%clk 01:05:11]} {[%emt
00:00:08]} Ne4 {[%clk 00:50:50]} {[%emt 00:00:48]} 21. Rb1 {[%clk 01:01:54]}
{[%emt 00:04:01]} Nxc5 {[%clk 00:50:42]} {[%emt 00:00:38]} 22. dxc5 {[%clk
01:02:10]} {[%emt 00:00:14]} Rb8 {[%clk 00:50:49]} {[%emt 00:00:19]} 23. Be2
{[%clk 01:01:39]} {[%emt 00:01:00]} O-O {[%clk 00:51:11]} {[%emt 00:00:13]} 24.
Ba6 {[%clk 01:01:27]} {[%emt 00:00:31]} bxa6 {[%clk 00:51:35]} {[%emt
00:00:18]} 25. Rd1 {[%clk 01:01:33]} {[%emt 00:00:20]} Rb4 {[%clk 00:51:58]}
{[%emt 00:00:11]} 26. a5 {[%clk 01:01:45]} {[%emt 00:00:18]} Rb5 {[%clk
00:52:02]} {[%emt 00:00:25]} 27. f3 {[%emt 00:00:13]} Rxc5 {[%emt 00:00:20]}
28. Kf2 {[%clk 01:01:29]} {[%emt 00:00:10]} Rxa5 {[%clk 00:52:26]} {[%emt
00:00:10]} 29. Kg3 {[%emt 00:00:13]} Rd8 {[%emt 00:00:13]} 30. Kf4 {[%emt
00:00:29]} c5 {[%emt 00:00:23]} 31. e4 {[%clk 00:59:57]} {[%emt 00:00:13]} d4
{[%clk 00:52:52]} {[%emt 00:00:36]} 32. e5 {[%clk 01:00:04]} {[%emt 00:00:09]}
c4 {[%clk 00:53:09]} {[%emt 00:00:26]} 33. Ke4 {[%emt 00:00:14]} d3 {[%emt
00:00:17]} 34. f4 {[%clk 00:59:34]} {[%emt 00:00:11]} Rad5 {[%clk 00:53:27]}
{[%emt 00:00:28]} 35. f5 {[%emt 00:00:16]} d2 {[%emt 00:00:19]} 36. e6 {[%clk
00:59:18]} {[%emt 00:00:08]} f6 {[%clk 00:53:02]} {[%emt 00:00:56]} 37. e7
{[%clk 00:59:14]} {[%emt 00:00:22]} Re5+ {[%clk 00:53:26]} {[%emt 00:00:20]}
38. Kf4 {[%clk 00:59:17]} {[%emt 00:00:27]} Rxe7 {[%clk 00:53:45]} {[%emt
00:00:13]} 39. g4 {[%emt 00:00:11]} c3 {[%emt 00:00:20]} 40. g5 {[%clk
00:58:42]} {[%emt 00:00:10]} c2 {[%clk 00:54:09]} {[%emt 00:00:31]} 41. Rg1
{[%emt 00:00:14]} Re1 {[%emt 00:00:18]} 42. Rg2 {[%emt 00:01:09]} c1=Q {[%emt
00:00:03]} 43. gxf6 {[%clk 00:57:11]} {[%emt 00:00:15]} d1=Q+ {[%clk 00:53:04]}
{[%emt 00:01:36]} 44. Kg3 {[%emt 00:00:28]} Rd3+ {[%emt 00:00:15]} 45. Kh4
{[%clk 00:56:45]} {[%emt 00:00:09]} Qf4+ {[%clk 00:52:57]} {[%emt 00:00:39]}
46. Rg4 {[%clk 00:56:58]} {[%emt 00:00:13]} Qfxg4# {[%clk 00:52:43]} {[%emt
00:00:19]} 0-1

[Event "DEM U10 2025"]
[Site "Willingen GER"]
[Date "2025.06.08"]
[Round "2"]
[White "Hornych, Fridtjof"]
[Black "Schubert, Anton"]
[Result "1-0"]
[Termination "normal"]
[Board "29"]
[WhiteElo "1385"]
[BlackElo "1039"]
[WhiteClock "01:04:42"]
[BlackClock "00:45:11"]
[PlyCount "95"]
[WhiteFideId "533043507"]
[BlackFideId "533043523"]
[EventCountry "GER"]
[EventRounds "9"]
[EventType "swiss"]
[EventDate "2025.06.07"]

1. e4 {[%clk 01:30:58]} {[%emt 00:00:02]} e5 {[%clk 01:31:22]} {[%emt
00:00:08]} 2. Nf3 {[%clk 01:31:21]} {[%emt 00:00:07]} Nc6 {[%clk 01:31:38]}
{[%emt 00:00:09]} 3. Bb5 {[%clk 01:31:43]} {[%emt 00:00:14]} a6 {[%clk
01:31:27]} {[%emt 00:00:41]} 4. Bxc6 {[%clk 01:32:03]} {[%emt 00:00:11]} bxc6
{[%clk 01:31:36]} {[%emt 00:00:20]} 5. O-O {[%clk 01:32:17]} {[%emt 00:00:16]}
d6 {[%clk 01:31:34]} {[%emt 00:00:31]} 6. c3 {[%clk 01:32:33]} {[%emt
00:00:15]} Nf6 {[%clk 01:31:33]} {[%emt 00:00:30]} 7. d4 {[%clk 01:32:21]}
{[%emt 00:00:43]} Nxe4 {[%clk 01:30:57]} {[%emt 00:01:05]} 8. Re1 {[%clk
01:32:13]} {[%emt 00:00:39]} Nf6 {[%clk 01:30:59]} {[%emt 00:00:27]} 9. dxe5
{[%clk 01:32:25]} {[%emt 00:00:18]} Nd5 {[%clk 01:30:31]} {[%emt 00:00:59]} 10.
exd6+ {[%clk 01:32:37]} {[%emt 00:00:19]} Be6 {[%clk 01:30:19]} {[%emt
00:00:42]} 11. dxc7 {[%clk 01:32:39]} {[%emt 00:00:27]} Qxc7 {[%clk 01:30:20]}
{[%emt 00:00:29]} 12. Ng5 {[%clk 01:31:52]} {[%emt 00:01:15]} Qd6 {[%clk
01:28:50]} {[%emt 00:02:01]} 13. Nxe6 {[%clk 01:31:28]} {[%emt 00:00:54]} fxe6
{[%clk 01:28:55]} {[%emt 00:00:25]} 14. Qe2 {[%clk 01:28:46]} {[%emt 00:03:12]}
Nc7 {[%clk 01:27:39]} {[%emt 00:01:45]} 15. Bg5 {[%clk 01:27:17]} {[%emt
00:01:53]} Be7 {[%clk 01:23:56]} {[%emt 00:04:20]} 16. Bxe7 {[%clk 01:27:27]}
{[%emt 00:00:21]} Qxe7 {[%clk 01:23:53]} {[%emt 00:00:33]} 17. Nd2 {[%clk
01:27:31]} {[%emt 00:00:25]} O-O {[%clk 01:23:58]} {[%emt 00:00:26]} 18. Nf3
{[%clk 01:27:31]} {[%emt 00:00:30]} Rf7 {[%clk 01:22:50]} {[%emt 00:01:39]} 19.
Ne5 {[%clk 01:27:37]} {[%emt 00:00:24]} Rf5 {[%clk 01:22:48]} {[%emt 00:00:32]}
20. Rad1 {[%clk 01:27:01]} {[%emt 00:01:06]} Raf8 {[%clk 01:22:58]} {[%emt
00:00:20]} 21. Nxc6 {[%clk 01:26:35]} {[%emt 00:00:58]} Qc5 {[%clk 01:22:14]}
{[%emt 00:01:13]} 22. Nd4 {[%clk 01:25:02]} {[%emt 00:02:04]} Rxf2 {[%clk
01:20:41]} {[%emt 00:02:02]} 23. Qxf2 {[%clk 01:25:15]} {[%emt 00:00:16]} Rxf2
{[%clk 01:20:58]} {[%emt 00:00:14]} 24. Kxf2 {[%clk 01:25:25]} {[%emt
00:00:21]} Qb6 {[%clk 01:20:33]} {[%emt 00:00:54]} 25. Rd2 {[%clk 01:24:01]}
{[%emt 00:01:55]} e5 {[%clk 01:19:43]} {[%emt 00:01:20]} 26. Rxe5 {[%clk
01:23:59]} {[%emt 00:00:32]} Qf6+ {[%clk 01:19:30]} {[%emt 00:00:43]} 27. Rf5
{[%clk 01:24:24]} {[%emt 00:00:06]} Qh4+ {[%clk 01:19:00]} {[%emt 00:00:57]}
28. Kf1 {[%clk 01:22:01]} {[%emt 00:02:56]} Qxh2 {[%clk 01:18:11]} {[%emt
00:01:18]} 29. Nf3 {[%clk 01:20:53]} {[%emt 00:01:38]} Qh1+ {[%clk 01:17:26]}
{[%emt 00:01:16]} 30. Kf2 {[%clk 01:21:10]} {[%emt 00:00:14]} Ne6 {[%clk
01:17:17]} {[%emt 00:00:39]} 31. Rd6 {[%clk 01:19:05]} {[%emt 00:02:34]} Qb1
{[%clk 01:15:13]} {[%emt 00:02:34]} 32. Re5 {[%clk 01:14:35]} {[%emt 00:05:01]}
Qc2+ {[%clk 01:10:01]} {[%emt 00:05:42]} 33. Re2 {[%clk 01:14:04]} {[%emt
00:01:00]} Qf5 {[%clk 01:01:35]} {[%emt 00:08:56]} 34. Rdxe6 {[%clk 01:11:38]}
{[%emt 00:02:56]} Qc5+ {[%clk 00:57:59]} {[%emt 00:04:07]} 35. Kf1 {[%clk
01:09:15]} {[%emt 00:02:54]} h6 {[%clk 00:54:28]} {[%emt 00:04:00]} 36. R2e5
{[%clk 01:07:43]} {[%emt 00:02:02]} Qc4+ {[%clk 00:50:57]} {[%emt 00:04:01]}
37. Re2 {[%clk 01:07:28]} {[%emt 00:00:44]} Qc5 {[%clk 00:50:03]} {[%emt
00:01:19]} 38. Rxa6 {[%clk 01:06:58]} {[%emt 00:01:06]} Qc4 {[%clk 00:49:44]}
{[%emt 00:00:48]} 39. Ra8+ {[%emt 00:00:38]} Kf7 {[%emt 00:01:01]} 40. Ne5+
{[%clk 01:05:21]} {[%emt 00:00:29]} Kf6 {[%clk 00:46:40]} {[%emt 00:03:33]} 41.
Nxc4 {[%clk 01:05:42]} {[%emt 00:00:10]} Kg6 {[%clk 00:46:02]} {[%emt
00:01:08]} 42. Rf8 {[%clk 01:05:52]} {[%emt 00:00:21]} Kh7 {[%clk 00:45:05]}
{[%emt 00:01:27]} 43. Ree8 {[%clk 01:06:01]} {[%emt 00:00:19]} Kg6 {[%clk
00:44:50]} {[%emt 00:00:47]} 44. Ne5+ {[%clk 01:06:20]} {[%emt 00:00:12]} Kg5
{[%clk 00:44:57]} {[%emt 00:00:23]} 45. Re6 {[%emt 00:00:09]} Kh5 {[%emt
00:00:39]} 46. Rg6 {[%clk 01:05:22]} {[%emt 00:00:40]} Kh4 {[%clk 00:44:58]}
{[%emt 00:00:28]} 47. Rf3 {[%clk 01:05:02]} {[%emt 00:00:50]} Kh5 {[%clk
00:45:11]} {[%emt 00:00:18]} 48. Rh3# {[%clk 01:04:42]} {[%emt 00:00:08]} 1-0